000 00461nam a2200181Ia 4500
001 20757
005 20260306172829.0
008 260306t2023||||xx |||||||||||||| ||spa||
041 _aESP
082 _a343.8
_bA47J
100 _aAlva Matteucci, Mario,
_eAUT
245 0 _aEnfoque tributario y contable de los contratos empresariales
260 _c2023
300 _a447 páginas :
_c25 cm.
650 _aGEN
654 _aCDE
942 _cLIB
_dJUS
_fJUS
_2ddc
_n
999 _c20757
_d20757